|
|
|
|
| LEADER |
00000nam0a2200000 4500 |
| 001 |
366551 |
| 005 |
20231102011907.0 |
| 035 |
|
|
|a (RuTPU)RU\TPU\retro\23914
|
| 090 |
|
|
|a 366551
|
| 100 |
|
|
|a 20220211d1979 km y0rusy50 ca
|
| 101 |
0 |
|
|a rus
|
| 102 |
|
|
|a RU
|
| 105 |
|
|
|a a z 001zy
|
| 200 |
1 |
|
|a Актуальные вопросы охраны труда
|e сборник научных работ институтов охраны труда ВЦСПС
|f Всесоюзный центральный научно-исследовательский институт охраны труда ; под ред. М. Е. Цуцкова
|
| 210 |
|
|
|a Москва
|c Профиздат
|d 1979
|
| 215 |
|
|
|a 144 с.
|c ил.
|
| 320 |
|
|
|a Библиогр. в конце ст.
|
| 606 |
1 |
|
|a Охрана труда
|x Метрологическое обеспечение
|2 stltpush
|3 (RuTPU)RU\TPU\subj\47889
|9 66798
|
| 610 |
1 |
|
|a стандартизация
|
| 610 |
1 |
|
|a требования
|
| 610 |
1 |
|
|a безопасность труда
|
| 610 |
1 |
|
|a аспирационные устройства
|
| 610 |
1 |
|
|a солнцезащитные устройства
|
| 610 |
1 |
|
|a искусственное освещение
|
| 610 |
1 |
|
|a производственная безопасность
|
| 675 |
|
|
|a 658.345
|v 4
|
| 702 |
|
1 |
|a Цуцков
|b М. Е.
|4 340
|
| 712 |
0 |
2 |
|a Всесоюзный центральный научно-исследовательский институт охраны труда
|c (Москва)
|c (1960-1990)
|2 stltpush
|3 (RuTPU)RU\TPU\col\9565
|9 24722
|
| 801 |
|
1 |
|a RU
|b 63413507
|c 20220211
|
| 942 |
|
|
|c BK
|